東京駅から直線距離で30km圏内にある駅サドンデス - Statistics

General Stats
  • This quiz has been taken 206 times
  • The average score is 2 of 15
Answers on the Grid
Answers color-coded by a green-red scale on the quiz's grid according to % correct below.
元町・中華街
関内
日ノ出町
保土ケ谷
星川(神奈川県)
羽沢横浜国大
中山(神奈川県)
長津田
町田
多摩センター
聖蹟桜ヶ丘
立川
東大和市
多摩湖
西武園
所沢
ふじみ野
大宮(埼玉県)
岩槻
春日部
野田市
柏の葉キャンパス
我孫子
白井
八千代緑が丘
八千代台
稲毛
京成稲毛
稲毛海岸
袖ケ浦
 
Answer Stats
Answer % Correct
元町・中華街
40%
関内
39%
大宮(埼玉県)
30%
羽沢横浜国大
28%
日ノ出町
18%
星川(神奈川県)
17%
中山(神奈川県)
12%
所沢
9%
稲毛海岸
9%
聖蹟桜ヶ丘
8%
柏の葉キャンパス
8%
八千代台
3%
白井
2%
八千代緑が丘
2%
京成稲毛
2%
No matching quizzes found
Score Distribution
Percent of People with Each Score
Percentile by Number Answered
Your Score History
You have not taken this quiz